| 000 | 00642nam a2200169Ia 4500 | ||
|---|---|---|---|
| 008 | 090201s9999 xx 000 0 und d | ||
| 010 | _aKPL-51092 | ||
| 040 | _bमराठी | ||
| 041 | _aमराठी | ||
| 082 |
_a18794 _b51092 |
||
| 100 | _aसेतुमाधवराव पगडी | ||
| 245 |
_aनियजीच्या विळख्यात औरंगजेब _cसेतुमाधवराव पगडी |
||
| 260 |
_c2004 _bपरचुरे प्रकाशन |
||
| 300 |
_a256 _bमोठा |
||
| 600 | _aनियजीच्या विळख्यात औरंगजेब | ||
| 942 | _cBOOK | ||
| 999 |
_c218640 _d218640 |
||